OPERATIONS MANAGEMENT FLEXIBLE VERSION (Record no. 205704)
[ view plain ]
| 000 -LEADER | |
|---|---|
| fixed length control field | 00243nam a2200097Ia 4500 |
| 050 ## - LIBRARY OF CONGRESS CALL NUMBER | |
| Classification number | TS155.H372 2003 |
| 100 ## - MAIN ENTRY--PERSONAL NAME | |
| Personal name | JAY HEIZER |
| 245 #0 - TITLE STATEMENT | |
| Title | OPERATIONS MANAGEMENT FLEXIBLE VERSION |
| 942 ## - ADDED ENTRY ELEMENTS (KOHA) | |
| Koha item type | Long Loan Book |
| Withdrawn status | Lost status | Source of classification or shelving scheme | Damaged status | Not for loan | Collection | Home library | Current library | Shelving location | Date acquired | Inventory number | Total checkouts | Full call number | Barcode | Date last seen | Copy number | Price effective from | Koha item type |
|---|---|---|---|---|---|---|---|---|---|---|---|---|---|---|---|---|---|
| Library of Congress Classification | Reserve | Kisii University Library | Kisii University Library | On Display | 09/15/2023 | 22963 | TS 155 .H372 2003 | 00z7\3 | 09/15/2023 | 1 | 09/15/2023 | Short Loan Book |